00374nam a22001457a 4500003001200000005001700012008004100029020001500070040001200085082001400097100001700111245006600128260001100194650002300205NUST - PNEC20170116180829.0150729b xxu||||| |||| 00| 0 eng d a0071156496 cLIBRARY a519.2 AUN aAunon, Jorge aIntroduction to probability and random processescJorge Aunon cc.1998 aProbabilitiesxMIS